000 00788nam a22003017a 4500
001 BR9400919
003 BR-BrBNA
005 20230928093902.0
007 ta
008 230509b bl.||||| |||| 00| 0 por d
040 _aBR-BrBNA
_bpor
_cBiblioteca Nacional de Agricultura
041 _a(Por)
072 _aL73; J11; E50
_b4076
090 _ 4076 BR9400919
110 1 _aMinisterio da Saude, Rio de Janeiro, RJ (Brasil)
_97072
245 1 _aControle de roedores
260 3 _aRio de Janeiro, RJ (Brasil):
_c1975.
300 _av. 1-2
650 _aRato
650 _aCamundongo
650 _aSaude Publica
650 _aControle Quimico
650 _aRaticida
650 _aZoonose
650 _aSaneamento Rural
909 _a202309
_bLucia
_c55
_dLucia Elande
942 _cBK
999 _c47706
_d47706